Normal view
MARC view
- Ahammed, Musafer
Entry Personal Name
001 - CONTROL NUMBER
- control field: 7834
003 - CONTROL NUMBER IDENTIFIER
- control field: OSt
005 - DATE AND TIME OF LATEST TRANSACTION
- control field: 20250909143421.0
008 - FIXED-LENGTH DATA ELEMENTS
- fixed length control field: 250909|| aca||aabn | a|a d
040 ## - CATALOGING SOURCE
- Original cataloging agency: OSt
- Transcribing agency: OSt
100 ## - HEADING--PERSONAL NAME
- Personal name: Ahammed, Musafer
670 ## - SOURCE DATA FOUND
- Source citation: Work cat.: (OSt)19517: Sathyarthi, M. N 7832, Musafar Ahammed adhasthitharude vimochakan , 2013.
